[Event "Poikovsky Karpov 07th"]
[Site "Poikovsky"]
[Date "2006.03.19"]
[Round "2"]
[White "Najer, Evgeniy"]
[Black "Dreev, Alexey"]
[Result "1/2-1/2"]
[WhiteElo "2652"]
[BlackElo "2697"]
[Annotator "Lukacs,P"]
[PlyCount "105"]
[EventDate "2006.03.18"]
[EventType "tourn"]
[EventRounds "9"]
[EventCountry "RUS"]
[EventCategory "18"]
[SourceTitle "CBM 112"]
[Source "ChessBase"]
[SourceDate "2006.06.07"]
[SourceVersion "1"]
[SourceVersionDate "2006.06.07"]
[SourceQuality "1"]

1. e4 c6 2. d4 d5 3. e5 Bf5 4. Nc3 e6 5. g4 Bg6 6. Nge2 c5 7. h4 h5 8. Nf4 Bh7
9. Nxh5 cxd4 10. Nb5 Nc6 11. Nxd4 Nge7 12. c3 a6 {Black has sacrificed a P,
but White's position on the >> looks a bit corrupted.} (12... Nxe5 {-
Carlsen-Schandorff, Aalborg blindfold rapid 2006 CBM 112}) 13. Bf4 {doesn't
look very impressive.} (13. Bg5 {provokes} Qb6 $132) (13. Bh6 {is ignored by}
Be4 $5 14. Nxc6 bxc6 15. Nxg7+ Kd7 16. f3 Rxh6 17. fxe4 (17. g5 Rh8) 17... Bxg7
{and White's position doesn't look healthy.}) (13. Rh3 $5 Nxe5 14. Bg5 Qc7 15.
Re3 O-O-O $1 (15... N5c6 16. Nxc6 Qxc6 (16... bxc6 17. Qd4 Rg8 18. O-O-O {
White has a big lead of development, but he has to find a target.}) 17. Qd4 Rg8
18. Bf6 (18. Bxe7 Bxe7 19. Nxg7+ Kf8 20. Nh5 Bc5 21. Qf4 Bxe3 22. fxe3 $44 {
and the black K's position compensates the sacrificed exchange.}) 18... O-O-O
19. Bxg7 (19. Nxg7 Ng6 $1 20. Nh5 (20. Bxd8 Bxg7 21. Bf6 e5 $17) 20... Bc5 $13)
19... Bxg7 $5 (19... Rxg7 20. Nxg7 Ng6 21. Qf6 d4 22. cxd4 Be7 23. Qf3 (23.
Qxe7 Nxe7 24. Rc3 {1/2-1/2 Jessel-Barnaure, Instanbul 2005}) 23... Bb4+ 24. Rc3
$1 Bxc3+ 25. Qxc3 Nxh4 26. Qxc6+ bxc6 27. Bxa6+ Kc7 28. Be2 $16) 20. Nxg7 Qc7
$44) 16. Nf4 Nc4 17. Bxc4 dxc4 18. Qe2 e5 $1 {The position is extremely
complicated and requires thorough analyse.} (18... Bd3 $2 19. Nxd3 cxd3 20.
Rxd3 e5 21. O-O-O $1 {White's lead of development is the decisive factor here.}
exd4 22. Rxd4 Rxd4 23. Rxd4 $18 {Svidler-Renet, Belfort 2004}) 19. Nde6 (19.
Rxe5 $2 Bd3) 19... fxe6 20. Nxe6 Bd3 21. Nxc7 (21. Qf3 Qc6) 21... Bxe2 22. Ne6
Bxg4 23. Nxd8 Kxd8 24. Rxe5 Kd7 25. Re4 Bf3 26. Rf4 Bh5 27. Rd4+ Kc7 28. Rxc4+
Nc6 $15 {and Black's ^^ is very strong in the opened position.}) (13. Bg2 $1 {
White is not bothering himself with defending the vulnerable e5 P, he wants to
finish his development quickly and open up the position.} Nxe5 14. O-O Qd7 15.
Bg5 (15. f4 N5c6 16. f5 exf5 (16... e5 17. f6 $1 $18) 17. g5 $44) 15... O-O-O
16. Qe2 N5c6 17. Nxc6 {[#]} Nxc6 $1 {Sacrificing the exchange is a good
practical decision.} (17... Qxc6 {runs into motifs on the c <-> after} 18. c4
$1 f6 19. Rfc1 $40) 18. Bxd8 Qxd8 (18... Nxd8 19. c4 $1) {The preparatory move}
19. Rfd1 $1 {was required.} (19. c4 {This creates a strong o^ on the d <->.} d4
$1 {Black grabs the best chance for creating counterchances, Shomoev-Galkin,
Krasnodar 2002 CBM 091.} (19... Nd4 20. Qe5 dxc4 {opens up the lines and
diagonals only for White.} 21. Rfd1 Bd3 22. Nf4 f6 23. Qe3 e5 24. Nxd3 cxd3 25.
Rac1+ Kb8 26. Qxd3 $16)) 19... Qxh4 (19... g6 20. Ng3 Qxh4 21. c4 $16) 20. c4
d4 21. Bxc6 bxc6 22. Qf3 $16) 13... Qb6 14. Qb3 (14. Nxc6 Nxc6 $132) 14... Qxb3
15. axb3 Nxd4 16. cxd4 Nc6 17. Bb5 $142 (17. Be3 Rc8 {and Black has a good
play for the P, there are a lot of weaknesses in White's camp.}) 17... Rc8 18.
Bxc6+ Rxc6 19. Rc1 Bg6 (19... Rxc1+ 20. Bxc1 Bg6 21. Nf4) 20. Rxc6 bxc6 21. Ke2
Bxh5 22. gxh5 Rxh5 $11 {Black has won back the P with a comfortable _|_.} 23.
Ra1 Rxh4 24. Be3 f6 25. Rxa6 (25. exf6 gxf6 26. Rxa6 Kd7) 25... fxe5 26. dxe5
d4 (26... c5 $5 27. Ra8+ $1 (27. Rxe6+ Kd7 28. Rg6 Re4) 27... Kf7 28. Ra7+ Kg8
29. Ra8 $11 {with repetition of moves.}) (26... Kd7 27. Ra8 d4 28. Rxf8 dxe3
29. Kxe3 {and the R _|_ is drawish, as general.} Rb4 30. Rf7+ Ke8 31. Rxg7
Rxb3+ $11) 27. Bd2 Rh3 (27... c5 28. Kd3) 28. f3 Rh2+ 29. Kd3 Rh3 30. Ke2 (30.
Rxc6 Rxf3+ 31. Kxd4 (31. Kc4 Rf2) 31... Rxb3 {- 30.Ke2}) 30... Rh2+ 31. Kd3 Rh3
32. Rxc6 (32. Kxd4 Rxf3 $11) (32. Ke2 {was threefold repetition of moves.})
32... Rxf3+ 33. Kxd4 Rxb3 34. Rxe6+ Kf7 35. Rc6 Rxb2 $11 {The position is dead
draw.} 36. e6+ Kg8 37. Bc3 Rb8 38. Rc7 Kh7 39. e7 Bxe7 40. Rxe7 {White has won
the B, but R+B versus R is a theoretical draw even without the g P.} Rb1 41.
Ke4 Rg1 42. Kf3 Rg5 43. Bd4 Rg6 44. Re2 Rd6 45. Be5 Rg6 46. Kf4 Re6 47. Kf5 Re7
48. Rc2 Kg8 49. Rc8+ Kh7 50. Rf8 Rb7 51. Ke6 Rb6+ 52. Kf5 Rb7 53. Ke4 1/2-1/2

[Event "EU-ch 11th"]
[Site "Rijeka"]
[Date "2010.03.15"]
[Round "9"]
[White "Nepomniachtchi, Ian"]
[Black "Jobava, Baadur"]
[Result "1-0"]
[WhiteElo "2656"]
[BlackElo "2695"]
[Annotator "Nepomniachtchi,I"]
[PlyCount "61"]
[EventDate "2010.03.06"]
[EventType "swiss"]
[EventRounds "11"]
[EventCountry "CRO"]
[SourceTitle "CBM 136"]
[Source "ChessBase"]
[SourceDate "2010.05.18"]
[SourceVersion "1"]
[SourceVersionDate "2010.05.18"]
[SourceQuality "1"]

{In the ninth round, I had to play the tournament's sole leader, who had shown
energetic and uncompromising play. In Rijeka, I managed to exploit the white
pieces extremely successfully, and I was also helped by fortune: after the
final rest day, I finished with three whites out of four games (the draw is
seldom so helpful), which of course gave me a significant advantage over my
rivals.  In der neunten Runde musste ich gegen den alleinigen Spitzenreiter
des Turniers antreten, der bislang energisches und kompromissloses Spiel
gezeigt hatte. In Rijeka gelang es mir, die weißen Figuren extrem erfolgreich
auszunutzen, wobei mir auch das Glück zugute kam: Nach dem letzten Ruhetag
hatte ich zum Abschluss in vier Partien dreimal Weiß (das Remis ist selten so
hilfreich), was mir natürlich gegenüber meine Rivalen einen beträchtlichen
Vorteil verschaffte.} 1. e4 c6 2. d4 d5 3. f3 Qb6 {Jobava had already chosen
this rare continuation against Artyom Tomofeev, and since that game ended
favourably for Baadur, I naturally expected him to repeat the line. This view
was strengthened still further by the fact that the move 3...Qb6 has also been
played by other Georgian grandmasters. Diese seltene Fortsetzung hatte Jobava
bereits gegen Artyom Tomofeev gewählt, und da diese Partie günstig für Baadur
endete, erwartete ich natürlich, dass er das Abspiel wiederholte. Diese
Annahme wurde noch zusätzlich durch die Tatsache verstärkt, dass der Zug 3...
Qb6 auch von anderen georgischen Großmeistern gespielt worden ist.} 4. a4 $5 {
At this moment, I was absolutely sure that I had just played a strong novelty,
and this naturally gave me confidence. Who knows how the game would have
turned out, if I had been in the habit of glancing through, even very briefly,
the games of the previous day's round? The fact is that this move had been
played in the round 8 game Nabaty-Erdos. However, judging by the fact that he
now thought for some time, my opponent was also unaware of the previous game.
In diesem Moment war ich absolut sicher, gerade eine starke Neuerung gespielt
zu haben, und dies gab mir natürlich Auftrieb. Wer weiß, wie die Partie
ausgegangen wäre, hätte ich die Gewohnheit gehabt, und sei es nur ganz kurz,
die Partien des Vortages durchzusehen? Tatsache ist, dass dieser Zug in der 8.
Runde in der Partie Nabaty-Erdos gespielt worden war. Doch der Tatsache nach
zu urteilen, dass er jetzt einige Zeit nachdachte, war meinem Gegner die
Vorgängerpartie ebenfalls unbekannt.} e5 ({The principled move - Black reacts
to a flank attack with a blow in the centre. Of course, he should not play 4...
a5? on account of 5.exd5 cxd5 6.Nc3, with a serious advantage.  Erdos chose
another possibility: Der prinzipielle Zug - Schwarz reagiert auf einen
Flankenangriff mit einem Schlag im Zentrum. Nicht spielen sollte er natürlich
4...a5? wegen 5.exd5 cxd5 6.Nc3, mit ernstem Vorteil. Erdos wählte eine andere
Möglichkeit:} 4... dxe4 5. a5 Qc7 6. fxe4 e5 7. Nf3 exd4 8. Bc4 Be6 {etc. usw.}
) 5. dxe5 dxe4 6. a5 {White seizes space on the queenside and drives the enemy
queen from her active position - this is the whole point of White's 4th move.
Weiß erobert Raum am Damenflügel und vertreibt die feindliche Dame aus ihrer
aktiven Position - das ist die ganze Pointe des 4. weißen Zuges.} Qc7 7. f4 Nh6
8. Nc3 Bb4 ({This is one possible choice. There will be sharp play after Dies
ist nur eine mögliche Wahl. Scharfes Spiel gibt es nach} 8... Bf5 {for example,
, zum Beispiel} 9. Nge2 ({also interesting is interessant ist auch} 9. Qd4 $5
Nd7 10. Nxe4 O-O-O 11. Nd6+ Bxd6 12. exd6 Rhe8+ 13. Be3 Qb8 {with
head-spinning complications) mit schwindelerregenden Komplikationen)} 14. a6 b6
15. O-O-O Bxc2 16. Qc3 Be4 $13) 9... Nd7 10. Ng3 O-O-O $13) 9. Bd2 e3 $2 ({
My opponnent was playing very quickly, possibly hoping to shake my equanimity.
To some extent, he succeeded - the text move is not one that I had examined.
Fortunately, White is now able to complete his development by the simplest
possible means, and his total domination in the centre gives him a solid
advantage. Stronger was Mein Gegner spielte sehr schnell, möglicherweise in
der Hoffnung, mich aus der Fassung zu bringen. Zu einem gewissen Grad gelang
ihm dies - der Textzug war keine Fortsetzung, die ich geprüft hatte. Zum Glück
ist Weiß nun imstande, seine Entwicklung mit einfachsten Mitteln abzuschließen,
und seine totale Dominanz im Zentrum gibt ihm soliden Vorteil. Stärker war} 
9... Bxc3 10. Bxc3 O-O {and thanks to his good development, Black can count on
equality. und dank seiner guten Entwicklung kann Schwarz auf Ausgleich rechnen.
} 11. Qd4 Rd8 12. Qxe4 Bf5 13. Qe2 Na6 $44) 10. Bxe3 O-O 11. Nf3 Rd8 ({After
the hasty Nach dem hastigen} 11... Ng4 12. Bd2 {Black has shot his bolt - he
has no way to exploit the weakness of f2. hat Schwarz sein Pulver verschossen
- er hat keine Möglichkeit, die Schwäche von f2 auszunutzen.}) 12. Bd3 Na6 ({
Or Oder} 12... Bf5 13. O-O $14) 13. Qe2 Bxa5 14. O-O ({I considered returning
to positional channels with Ich erwog die Rückkehr ins positonelle Fahrwasser
mit} 14. Bxa6 bxa6 15. O-O {but could not resist playing for the attack: after
all, White has all the preconditions for developing an initiative on the
kingside. , konnte aber nicht widerstehen, auf Angriff zu spielen: Schließlich
hat Weiß alle Voraussetzungen, eine Initiative am Königsflügel zu entwickeln.})
14... Nb4 15. Be4 {It is very difficult for Black to coordinate his pieces,
without making serious positional concessions. The most logical decision is to
exchange his opponent's powerful light-squared bishop. Es fällt Schwarz sehr
schwer, seine Figuren zu koordinieren, ohne ernste positionelle Zugeständnisse
zumachen. Die logischste Entscheidung ist, den kraftvollen weißfeldrigen
Läufer des Gegners abzutauschen.} Bf5 16. Kh1 $1 {How the Roman emperor
Augustus liked to repeat: Make haste slowly! Wie der römische Kaiser Augustus
gerne wiederholte: Eile mit Weile!} Bb6 ({Black's task is not made any easier
by Die schwarze Aufgabe wird keinesfalls leichter durch} 16... Bxe4 17. Nxe4
Nd5 18. c4 Nxe3 19. Qxe3 Bb4 {(the bishop must be brought into play urgently,
even at the cost of a pawn) (der Läufer muss dringend ins Spiel gebracht
werden, selbst auf Kosten eines Bauern)} 20. Rxa7 (20. Nfg5 {is not very
pragmatic, but is also strong: ist nicht sonderlich praktmatisch, aber
ebenfalls stark:} Be7 21. Qb3 $5 {(the queen goes to c2) (die Dame geht nach
c2)} Rd4 22. Qc2 $40) 20... Nf5 (20... Ng4 21. Qg1) 21. Qf2 Rxa7 22. Qxa7 Qd7
23. Nf2 $16) 17. Bxb6 Qxb6 (17... axb6 $2 {loses immediately, since a piece is
lost: verliert sofort, da eine Figur abhanden kommt:} 18. Rxa8 Rxa8 19. Bxf5
Nxf5 20. Qe4 Nxc2 21. Nd1 $1 $18) 18. Ng5 {Nothing forcing is apparent, so I
simply move my pieces into position for subsequent operations. Etwas
Forcierendes ist nicht in Sicht, daher bringe ich einfach meine Figuren für
nachfolgende Operationen in Stellung.} c5 $6 ({Now Black's position is
strategically almost hopeless. Maybe he had to try to consoldate his queen, by
means of Nun ist die schwarze Stellung strategisch fast hoffnunslos.
Vielleicht musste er versuchen, seine Dame mittels} 18... Qc5 {although it is
not entirely clear how Black can hold after zu konsolidieren, obwohl nicht
gänzlich klar ist, wie sich Schwarz nach} 19. Bxf5 Nxf5 20. Qh5 Nh6 21. Nce4
Qxc2 22. f5 $40 {halten kann.}) 19. Rae1 {Simple and strong. The advance e5-e6
hangs over the black position like the Sword of Damocles. Einfach und stark.
Der Vorstoß e5-e6 hängt über der schwarzen Stellung wie ein Damoklesschwert.}
Qg6 {This loses a pawn, but it is hardly possible to recommend anything better.
Dies verliert einen Bauern, aber es ist kaum möglich, etwas Besseres zu
empfehlen.} 20. Bxb7 Nxc2 ({The principled, but at the same time, the losing
move. However, Prinzipiell, aber gleichzeitig der Verlustzug. Doch} 20... Rab8
21. Be4 Nc6 22. e6 $18 {hardly allows Black to save the position. erlaubt
Schwarz kaum, die Stellung zu retten.}) 21. Nd5 $1 ({Slightly more exact was
Einen Tick genauer war} 21. Bxa8 $1 Nxe1 22. Nd5 Kf8 23. e6 {followed by Nc7,
but the move in the game does not spoil anything. nebst Nc7, aber der Zug in
der Partie verdirbt nichts.}) 21... Rxd5 (21... Kf8 {loses immediately:
verliert auf der Stelle:} 22. Qb5) 22. Bxd5 Bd3 23. Qf3 Re8 {The black pieces
are too scattered, and the knight on h6 has still not come into play, so the
time has come for the decisive breakthrough. Die schwarzen Figuren sind zu
verstreut, und der Springer auf h6 ist noch immer nicht ins Spiel gekommen,
daher ist die Zeit reif für den entscheidenden Durchbruch.} 24. e6 $1 Nxe1 ({
Or Oder} 24... f6 25. Bc6 Bxf1 26. Bxe8 Qxe8 27. Rxf1 Nd4 (27... fxg5 28. fxg5
Nd4 29. Qd5 $18) 28. Qd5 $18) 25. Rxe1 fxe6 ({The lesser of the evils was Das
geringere Übel war} 25... Kh8 26. Rd1 fxe6 27. Bc6 Rb8 28. Rxd3 Nf5 {... ...})
26. Rxe6 Kh8 $1 {I had completely missed this move, which threw me into some
confusion. However, I managed to take myself in hand fairly quickly, and find
the most accurate path to victory. Diesen Zug hatte ich komplett übersehen,
was mich in einige Verwirrung stürzte. Doch ich schaffte es, mich recht
schnell zu fangen und den genauesten Weg zum Sieg zu finden.} (26... Kf8 27.
Qe3) 27. h3 Rxe6 28. Bxe6 Bb5 29. f5 $1 {The victorious march of the f-pawn
continues, having started with 3.f3. Der Siegesmarsch des f-Bauern geht weiter,
der mit 3.f3 begonnen hat.} Qe8 30. f6 Qf8 31. f7 {Black resigned.  It is hard
to overstate the significance of this game. After it, I became sole leader of
the tournament and managed to retain this lead; by taking 1.5 out of the last
two games, I stayed ahead of my numerous rivals.  I owe heartfelt thanks to my
friend and trainer Vladimir Potkin, who, despite the burden of his own
preparation, found the time to help me work out the details of the move 4.a4!
Schwarz gab auf.  Es die Bedeutung dieser Partie ist gar nicht hoch genug
einschätzen. Danach wurde ich alleiniger Spitzenreiter des Turniers und
schaffte es, diesen Vorsprung zu behaupten; mit 1.5 aus den letzten beiden
Partien blieb ich vor meinen zahlreichen Rivalen.  Tiefempfundenen Dank
schulde ich meinem Freund und Trainer Vladimir Potkin, der, trotz der Bürde
seiner eigenen Vorbereitung, die Zeit fand, mir bei der Ausarbeitung der
Details von 4.a4! zu helfen.} 1-0

[Event "Capablanca Memorial Elite 45th"]
[Site "Havana"]
[Date "2010.06.14"]
[Round "5"]
[White "Nepomniachtchi, Ian"]
[Black "Ivanchuk, Vassily"]
[Result "0-1"]
[WhiteElo "2695"]
[BlackElo "2741"]
[Annotator "Postny,E"]
[PlyCount "108"]
[EventDate "2010.06.10"]
[EventType "tourn"]
[EventRounds "10"]
[EventCountry "CUB"]
[EventCategory "18"]
[SourceTitle "CBM 137"]
[Source "ChessBase"]
[SourceDate "2010.07.15"]
[SourceVersion "1"]
[SourceVersionDate "2010.07.15"]
[SourceQuality "1"]

1. e4 c6 2. d4 d5 3. f3 Qb6 4. a4 {Jan is faithful to the line that brought
him a such an important win in the recent European championship.} e6 $1 $146 {
This seems like a good innovation to me. The resulting position is starting to
look similar to the line with 3...e6, but here White's move a2-a4 is not
really to the point.} (4... e5 $6 5. dxe5 dxe4 6. a5 Qc7 7. f4 Nh6 8. Nc3 Bb4
9. Bd2 e3 10. Bxe3 O-O 11. Nf3 Rd8 12. Bd3 Na6 13. Qe2 Bxa5 14. O-O Nb4 15. Be4
$16 {1-0 Nepomniachtchi,I (2656)-Jobava,B (2695)/Rijeka CRO 2010/The Week in
Chess 801 (31)}) (4... dxe4 5. a5 Qc7 6. fxe4 e5 7. Nf3 Bg4 8. Bc4 Nf6 9. O-O
Nbd7 10. Bg5 Bd6 11. Nbd2 O-O $11 {1/2-1/2 Kanovsky,D (2489)-Polak,T (2525)/
Ostrava CZE 2010/The Week in Chess 809 (41)}) 5. c3 $6 {Ignoring natural
development.} (5. Nc3 Bb4) (5. c4 dxe4 6. fxe4 Bb4+ 7. Nc3 e5 $1 {In both
cases Black has a good game thanks to the control over the b4-square.}) ({
The only reasonable improvement that comes to mind is} 5. Ne2 $5 {This is
worth being checked in future games. One of the possible continuations is:} Nf6
6. a5 Qd8 7. e5 Nfd7 {I think it's a good version of a French Defence for
Black, but maybe White can still come up with some creative ideas.}) 5... c5 6.
exd5 exd5 {The position reminds me of one of the lines in the Tarrasch
Variation of the French Defence. The moves a2-a4 and, especially, f2-f3
clearly worsen White's position. Black is already slightly better.} 7. Bb5+ (7.
a5 Qc7 {only hurts White as the Pa5 will become a target.}) (7. Qe2+ Be7 8.
Qb5+ Bd7 9. Qxb6 axb6 10. b3 Nf6 $15) 7... Bd7 (7... Nc6 $6 {is less accurate.
After} 8. Ne2 Nf6 9. O-O Bd6 10. dxc5 Bxc5+ 11. Kh1 {White achieves decent
position.}) 8. Qe2+ Be7 9. dxc5 Qxc5 10. b3 $6 {This also looks unnatural.
This weakens the Pc3, later on Nepomniachtchi will have serious difficulties
developing his queenside knight.} (10. Nh3 Nc6 11. Nf2 Nf6 12. Nd2 {was
possible. White keeps a slightly worse, but playable position.}) 10... a6 11.
Bxd7+ Nxd7 12. Nh3 O-O-O $1 {Black has nothing to be afraid of, he is better
developed.} 13. Be3 Qc7 14. O-O Ngf6 15. Kh1 $6 {This also looks like a waste
of time.} (15. Bf4 Bd6 16. Bxd6 Qxd6 17. Nd2 Rhe8 18. Qf2 $15) 15... Rhe8 16.
Qd1 ({The move} 16. Qf2 {would obstruct the Nh3.}) 16... Bd6 17. Bg1 Bc5 (17...
h6 {[%cal Gg7g5] was a good alternative.}) 18. Ra2 (18. Bxc5 Nxc5 19. b4 Ne6
20. b5 a5 $17) 18... Kb8 19. Rd2 h6 $17 {White's position is more difficult
than it seems. All his pieces are passive. Meanwhile, Black can slowly prepare
a kingside assault or a penetration along the e-file.} 20. Bd4 Rc8 21. Nf2 Bxd4
22. Rxd4 Ne5 23. Rd2 Re6 24. Re1 $6 {It's easy to blame this plan, but much
harder to suggest something reasonable instead.} (24. Nd3 Nxd3 25. Rxd3 Rce8
26. Na3 Re3 27. c4 Rxd3 28. Qxd3 Qe7 29. Nc2 Qe2 30. Qxe2 Rxe2 31. Nd4 Rb2 {
The endgame should be lost for White.}) (24. f4 $5 Nc6 25. Ng4 {perhaps could
yield White more chances than in the game.}) 24... Rce8 25. Rde2 g5 26. Nd3 {
There is no way out already, White is practically forced to exchange all his
developed pieces.} g4 27. Nxe5 Rxe5 28. Rxe5 Rxe5 29. Rxe5 Qxe5 {The massive
exchanges haven't made White's task any easier at all. His queen is passive
and the knight on b1 is miserable. Black's active duo queen + knight is
sufficient to create a decisive attack against the white monarch.} 30. a5 $2 (
30. fxg4 $2 {would lose on the spot in view of} Nxg4 31. Qg1 Qf4 32. g3 Qe4+
$19 {[%csl Rb1]}) (30. g3 $1 Qe3 31. Kg2 h5 {would have been the least of the
evils, but I don't believe that White can still survive here.}) 30... h5 31. g3
gxf3 32. Qxf3 Qe1+ 33. Kg2 Ng4 34. Qf4+ Ka8 35. Nd2 Qe2+ 36. Kg1 Qxh2+ $6 {
This allows White to prolong the resistance.} (36... h4 $1 {would win on the
spot.} 37. gxh4 Ne3 38. Qf2 Qg4+ 39. Kh1 Qd1+ $19) 37. Kf1 f5 $1 38. Ke1 h4 39.
Nf1 Qb2 40. gxh4 Qxc3+ 41. Nd2 d4 42. h5 {This pawn is White's last chance.} d3
43. Kf1 Qa1+ 44. Kg2 Qxa5 45. h6 Qd5+ 46. Kg3 Qg8 47. Kf3 Qe6 48. Nf1 (48. h7
Qe2+ 49. Kg3 Qh2+ 50. Kf3 Qf2#) 48... Nxh6 {No more hopes for White.} 49. Qd4
Qe2+ 50. Kg3 Qe1+ 51. Qf2 f4+ 52. Kf3 Qe5 53. Nd2 Nf5 54. Kg4 Qe2+ {[%mdl 4]
Well played by Vassily Ivanchuk.} 0-1